000 00358nam a2200145Ia 4500
008 230917s9999||||xx |||||||||||||| ||und||
040 _e160310
_aMAIN
041 _aEnglish
082 _a647.94 S21H
100 _aSudan, Amrik Singh
245 0 _aHospitality marketing
260 _aNew Delhi
_bAnmol Publications
_c2002
300 _a349 p.
942 _cBK
999 _c135795
_d135795